| 000 | 00889nam a2200241 u 4500 | ||
|---|---|---|---|
| 001 | 78359 | ||
| 003 | BD-RjUL | ||
| 005 | 20230814153650.0 | ||
| 008 | 210916m1947 ua || |000 0 ara|| | ||
| 035 | _a(BD-RjUL)78585 | ||
| 040 |
_aUkOxU _beng _cBD-RjUL |
||
| 041 | _aara | ||
| 082 |
_223 _a181.947 _bGAT 1947 |
||
| 100 | 1 |
_aغزالي.;; Ghazali. _9247773 |
|
| 245 | 1 | 0 |
_aتهافت الفلاسفة للإمام الغزالي ;; Tahāfut al-falāsifah lil-Imām.al-Gazzali / _c lil'iimam alghazalii sulayman dunya;; للإمام الغزالي ; سليمان دنيا |
| 260 |
_a[al-Qāhirah] :القاهرة] : _bdar al ahaul kutub, _c1947 |
||
| 300 |
_a v. in 1 ; _c25 cm. |
||
| 505 | _aVol. 1 | ||
| 650 | 0 |
_aIslam and philosophy. _9247774 |
|
| 700 | 0 | 2 |
_aGhazzālī, _d1058-1111. _95691 |
| 880 | 0 | 2 |
_6700-05/(3/r _aخوجه زاده. _tتهافت الفلاسفة. |
| 942 |
_2ddc _cBK |
||
| 999 |
_c78359 _d78359 |
||